Skilled Egyptian diaspora contributions to home country development / (رقم التسجيلة. 24678)
[ عرض عادي ]
| 000 -LEADER | |
|---|---|
| fixed length control field | 01367nam a2200313 a 4500 |
| 003 - CONTROL NUMBER IDENTIFIER | |
| control field | EG-GiCUC |
| 005 - DATE AND TIME OF LATEST TRANSACTION | |
| control field | 20250223025954.0 |
| 008 - FIXED-LENGTH DATA ELEMENTS--GENERAL INFORMATION | |
| fixed length control field | 091201s2009 ua d f m 000 0 eng d |
| 040 ## - CATALOGING SOURCE | |
| Original cataloging agency | EG-GiCUC |
| Language of cataloging | eng |
| Transcribing agency | EG-GiCUC |
| 041 0# - LANGUAGE CODE | |
| Language code of text/sound track or separate title | eng |
| 049 ## - LOCAL HOLDINGS (OCLC) | |
| Holding library | Gift |
| 097 ## - Thesis Degree | |
| Thesis Level | M.Sc |
| 099 ## - LOCAL FREE-TEXT CALL NUMBER (OCLC) | |
| Classification number | Cai01.34.M.Sc.2009.Di.S |
| 100 0# - MAIN ENTRY--PERSONAL NAME | |
| Personal name | Dina Wael Mehrez |
| 245 10 - TITLE STATEMENT | |
| Title | Skilled Egyptian diaspora contributions to home country development / |
| Statement of responsibility, etc. | Dina Wael Mehrez ; Supervised Hadia Hamdy |
| 260 ## - PUBLICATION, DISTRIBUTION, ETC. | |
| Place of publication, distribution, etc. | Cairo : |
| Name of publisher, distributor, etc. | Dina Wael Mehrez , |
| Date of publication, distribution, etc. | 2009 |
| 300 ## - PHYSICAL DESCRIPTION | |
| Extent | 274 Leaves : |
| Other physical details | charts ; |
| Dimensions | 30cm |
| 502 ## - DISSERTATION NOTE | |
| Dissertation note | Thesis (M.Sc.) - German University - Faculty of Postgraduate Studies and Scientific Research - Department of Management |
| 520 ## - SUMMARY, ETC. | |
| Summary, etc. | Skilled migration is accused of causing brain drain. A range of policies exists in response to this phenomenon. Transnationalism allows emigrants to remain connected to their original homeland. "Diaspora options" can then become a resource for home country development and international business stimulation through contributions of human and financial capital |
| 653 #4 - INDEX TERM--UNCONTROLLED | |
| Uncontrolled term | Country development |
| 653 #4 - INDEX TERM--UNCONTROLLED | |
| Uncontrolled term | Management |
| 653 #4 - INDEX TERM--UNCONTROLLED | |
| Uncontrolled term | Skilled Egyptian |
| 700 0# - ADDED ENTRY--PERSONAL NAME | |
| Personal name | Hadia Hamdy , |
| Relator term | |
| 856 ## - ELECTRONIC LOCATION AND ACCESS | |
| Uniform Resource Identifier | <a href="http://172.23.153.220/th.pdf">http://172.23.153.220/th.pdf</a> |
| 902 ## - LOCAL DATA ELEMENT B, LDB (RLIN) | |
| No. of Items | 1 |
| 905 ## - LOCAL DATA ELEMENT E, LDE (RLIN) | |
| Cataloger | Mustafa |
| Reviser | Revisor |
| 905 ## - LOCAL DATA ELEMENT E, LDE (RLIN) | |
| Cataloger | Samia |
| Reviser | Cataloger |
| 942 ## - ADDED ENTRY ELEMENTS (KOHA) | |
| Source of classification or shelving scheme | Dewey Decimal Classification |
| Koha item type | Thesis |
| Source of classification or shelving scheme | Not for loan | Home library | Current library | Date acquired | Full call number | Barcode | Date last seen | Koha item type |
|---|---|---|---|---|---|---|---|---|
| Dewey Decimal Classification | المكتبة المركزبة الجديدة - جامعة القاهرة | قاعة الثقاقات الاجنبية - الدور الثالث | 11.02.2024 | Cai01.34.M.Sc.2009.Di.S | 01010110052225000 | 05.07.2024 | Thesis |